000 00410cam a22001457a 4500
008 180718b1999 xxu||||| |||| 00| 0 eng d
020 _a0198602626
082 _aA39 R187
245 _aOxford quick reference quotations
_cedited by Susan Ratcliffe
260 _aOxford
_bOxford University Press
_c1999
300 _a481p.
650 _aQuotations, English
650 _aQuotations
700 _aRatcliffe, Susan
999 _c400043
_d400043